000 00282 a2200133 4500
082 _a519.5 DAR
090 _c422
_d422
100 _aDR. DARYAB SINGH
245 _aPRACTICAL STATISTICS
250 _aVOL 2
260 _aATTANTIC
490 _vVOL 2
942 _aNBS
_cBK
_k519.5 DAR
999 _c342984
_d342984